Social problems : (Record no. 4908)
[ view plain ]
| 000 -LEADER | |
|---|---|
| fixed length control field | 00987pam a2200265 a 4500 |
| 001 - CONTROL NUMBER | |
| control field | 690374 |
| 005 - DATE AND TIME OF LATEST TRANSACTION | |
| control field | 20250317184551.0 |
| 008 - FIXED-LENGTH DATA ELEMENTS--GENERAL INFORMATION | |
| fixed length control field | 960523s1997 nyua b 001 0 eng |
| 020 ## - INTERNATIONAL STANDARD BOOK NUMBER | |
| International Standard Book Number | 0070463727 |
| 020 ## - INTERNATIONAL STANDARD BOOK NUMBER | |
| International Standard Book Number | 9780070463721 |
| 050 00 - LIBRARY OF CONGRESS CALL NUMBER | |
| Classification number | HN18 |
| Item number | .N47 1997 |
| 082 00 - DEWEY DECIMAL CLASSIFICATION NUMBER | |
| Classification number | 361.1 |
| Edition information | 20 |
| 100 1# - MAIN ENTRY--PERSONAL NAME | |
| Personal name | Neubeck, Kenneth J. |
| 245 10 - TITLE STATEMENT | |
| Title | Social problems : |
| Remainder of title | a critical approach / |
| Statement of responsibility, etc. | Kenneth J. Neubeck, Mary Alice Neubeck. |
| 250 ## - EDITION STATEMENT | |
| Edition statement | 4th ed. |
| 260 ## - PUBLICATION, DISTRIBUTION, ETC. | |
| Place of publication, distribution, etc. | New York : |
| Name of publisher, distributor, etc. | The McGraw-Hill Companies, |
| Date of publication, distribution, etc. | 1997. |
| 300 ## - PHYSICAL DESCRIPTION | |
| Extent | xvii, 646 p. : |
| Other physical details | ill. ; |
| Dimensions | 24 cm. |
| 650 #0 - SUBJECT ADDED ENTRY--TOPICAL TERM | |
| Topical term or geographic name entry element | Social problems. |
| 650 #0 - SUBJECT ADDED ENTRY--TOPICAL TERM | |
| Topical term or geographic name entry element | Social history |
| Chronological subdivision | 20th century. |
| 700 1# - ADDED ENTRY--PERSONAL NAME | |
| Personal name | Neubeck, Mary Alice. |
| 856 42 - ELECTRONIC LOCATION AND ACCESS | |
| Materials specified | Publisher description |
| Uniform Resource Identifier | <a href="http://www.loc.gov/catdir/description/mh022/96022208.html">http://www.loc.gov/catdir/description/mh022/96022208.html</a> |
| 856 41 - ELECTRONIC LOCATION AND ACCESS | |
| Materials specified | Table of contents |
| Uniform Resource Identifier | <a href="http://www.loc.gov/catdir/toc/mh022/96022208.html">http://www.loc.gov/catdir/toc/mh022/96022208.html</a> |
| 856 42 - ELECTRONIC LOCATION AND ACCESS | |
| Materials specified | Contributor biographical information |
| Uniform Resource Identifier | <a href="http://www.loc.gov/catdir/enhancements/fy0737/96022208-b.html">http://www.loc.gov/catdir/enhancements/fy0737/96022208-b.html</a> |
| 942 ## - ADDED ENTRY ELEMENTS (KOHA) | |
| Source of classification or shelving scheme | Library of Congress Classification |
| Koha item type | Books |
| Edition | 4th Ed. |
| Suppress in OPAC | No |
| 999 ## - | |
| -- | 4908 |
| -- | 4908 |
| Withdrawn status | Lost status | Source of classification or shelving scheme | Damaged status | Not for loan | Collection | Home library | Current library | Shelving location | Date acquired | Total checkouts | Full call number | Barcode | Date last seen | Copy number | Price effective from | Koha item type |
|---|---|---|---|---|---|---|---|---|---|---|---|---|---|---|---|---|
| Library of Congress Classification | Non-fiction | Business Library (Miotso) | Business Library (Miotso) | General stacks | 03/17/2025 | HN18 .N47 1997 | BSSM00001447 | 03/17/2025 | 1 | 03/17/2025 | Books | |||||
| Library of Congress Classification | Non-fiction | Business Library (Miotso) | Business Library (Miotso) | General stacks | 03/17/2025 | HN18 .N47 1997 | BSSM00001448 | 03/17/2025 | 2 | 03/17/2025 | Books | |||||
| Library of Congress Classification | Non-fiction | Business Library (Miotso) | Business Library (Miotso) | General stacks | 03/17/2025 | HN18 .N47 1997 | BSSM00001449 | 03/17/2025 | 3 | 03/17/2025 | Books | |||||
| Library of Congress Classification | Non-fiction | Business Library (Miotso) | Business Library (Miotso) | General stacks | 03/17/2025 | HN18 .N47 1997 | BSSM00001450 | 03/17/2025 | 4 | 03/17/2025 | Books | |||||
| Library of Congress Classification | Non-fiction | Business Library (Miotso) | Business Library (Miotso) | General stacks | 03/17/2025 | HN18 .N47 1997 | BSSM00001451 | 03/17/2025 | 5 | 03/17/2025 | Books |